02820nam a2200421 i 4500001001200000003000800012006001900020007001500039008004100054020003100095020002700126040003500153035002100188050002500209082002100234245012200255264004400377264001200421300005100433336002100484337002300505338003200528504004100560505100000601588004701601590014701648650004601795650004001841650002401881650003901905650001801944655002201962700003601984776022302020797001202243856012602255999001702381ebr10843820CaPaEBRm o d cr cn|||||||||120613t20132013njuad ob 000 0 eng|d z9781617110139 (alk. paper) a9781617118746 (e-book) aCaPaEBRbengerdaepncCaPaEBR a(OCoLC)87813601814aRJ53.O25bT73 2013eb04a618.9289/16522300aTransitions to adulthood for youth with disabilities through an occupational therapy lens /cedited by Debra Stewart. 1aThorofare, New Jersey :bSLACK,c[2013] 4c�2013 a1 online resource (173 pages) :billustrations atext2rdacontent acomputer2rdamedia aonline resource2rdacarrier aIncludes bibliographical references.0 aThe transition to adulthood for youth with disabilities : evidence to support occupational therapy practice / Debra Stewart -- The McMaster lens for occupational therapists : linking theory to practice / Mary Law -- Transitions from parents' home to independent living arrangements for youth with physical disabilities / Andrea Morrison, Karen Margallo, and Matt Freeman -- Community participation through work experience for youth with developmental disabilities / Linda Armour, Jan Burke-Gaffney, and Debra Stewart -- Transition to post-secondary education for youth with learning disabilities using assistive technology / Baljit Samrai, Kim Carey, and Christy Taberner -- Employment transitions for youth with mental health issues / Sandra Moll and Kevin Tregunno -- Socialization and leisure pursuits for youth living with obesity as the result of a complex medical condition / Mary Forhan and Grace Herron -- Future directions in practice and research : our own transitions / Debra Stewart. aDescription based on print version record. aElectronic reproduction. Palo Alto, Calif. : ebrary, 2014. Available via World Wide Web. Access may be limited to ebrary affiliated libraries. 0aPeople with disabilitiesxRehabilitation. 0aOccupational therapy for teenagers. 0aLife change events. 0aOccupational therapy for children. 0aYoung adults. 0aElectronic books.1 aStewart, Debra,d1954-eeditor.08iPrint version:tTransitions to adulthood for youth with disabilities through an occupational therapy lens.dThorofare, New Jersey : SLACK, [2013]hxviii, 160 pages ; 26 cmz9781617110139w(DNLM)101586262w(DLC)108438202 aebrary.40uhttp://site.ebrary.com/lib/rucke/Doc?id=10843820zAn electronic book accessible through the World Wide Web; click to view c92925d92925